<?xml version="1.0" encoding="UTF-8"?>
<collection xmlns="http://www.loc.gov/MARC21/slim">
 <record>
  <leader>02465nab a2200301 i 4500</leader>
  <controlfield tag="001">acta76144</controlfield>
  <controlfield tag="005">20220630140859.0</controlfield>
  <controlfield tag="008">220630s2011    hu      o     0||   eng d</controlfield>
  <datafield tag="022" ind1=" " ind2=" ">
   <subfield code="a">1788-5345</subfield>
  </datafield>
  <datafield tag="040" ind1=" " ind2=" ">
   <subfield code="a">SZTE Egyetemi Kiadványok Repozitórium</subfield>
   <subfield code="b">hun</subfield>
  </datafield>
  <datafield tag="041" ind1=" " ind2=" ">
   <subfield code="a">eng</subfield>
  </datafield>
  <datafield tag="100" ind1="1" ind2=" ">
   <subfield code="a">Kredics László</subfield>
  </datafield>
  <datafield tag="245" ind1="1" ind2="0">
   <subfield code="a">Trichoderma communities of the winter wheat rhizosphere in the Pannonian Plain</subfield>
   <subfield code="h">[elektronikus dokumentum] /</subfield>
   <subfield code="c"> Kredics László</subfield>
  </datafield>
  <datafield tag="260" ind1=" " ind2=" ">
   <subfield code="a">Szegedi Tudományegyetem Mezőgazdasági Kar</subfield>
   <subfield code="b">Szeged</subfield>
   <subfield code="c">2011</subfield>
  </datafield>
  <datafield tag="300" ind1=" " ind2=" ">
   <subfield code="a">413-418</subfield>
  </datafield>
  <datafield tag="490" ind1="0" ind2=" ">
   <subfield code="a">Agrár- és vidékfejlesztési szemle</subfield>
   <subfield code="v">6 No. 1</subfield>
  </datafield>
  <datafield tag="520" ind1="3" ind2=" ">
   <subfield code="a">A total of 116 Trichoderma strains were isolated from roots of winter wheat from test holes of five agricultural fields in the Pannonian Plain. The identity of the strains was examined based on the sequence analysis of the internal transcribed spacer (ITS) region by TrichOKEY 2.0. The examined wheat field rhizosphere samples could be characterized with a remarkable biodiversity. The 11 taxa detected in the samples were T. harzianum, T. pleuroticola, T. tomentosum/T. cerinum, T. virens, T. rossicum, T. spirale, T. brevicompactum, T. atroviride, T. gamsii, T. koningiopsis/T. ovalisporum and T. longibrachiatum/H. orientalis. The most frequently isolated species was T. harzianum with 41 isolates representing a series of known ITS genotypes as well as 2 genotypes that were firstly obtained during this study. Both T. virens (31 isolates) and T. atroviride (9 isolates) could be classified into 2 ITS-genotypes, one of them being identical with that of the ex-type strains in the cases of both species. Ten isolates proved to belong to 2 genotypes of T. rossicum, one of them has not been found so far. The remaining 7 species were isolated with a lower frequency. Several species could be characterized with well-defined isoenzyme patterns during celluloseacetate electrophoresis.</subfield>
  </datafield>
  <datafield tag="650" ind1=" " ind2="4">
   <subfield code="a">Mezőgazdaság-tudományok</subfield>
  </datafield>
  <datafield tag="650" ind1=" " ind2="4">
   <subfield code="a">Mezőgazdaság, erdészet, halászat</subfield>
  </datafield>
  <datafield tag="695" ind1=" " ind2=" ">
   <subfield code="a">Búzatermesztés, Őszi búza, Mikrobiológia</subfield>
  </datafield>
  <datafield tag="700" ind1="0" ind2="1">
   <subfield code="a">Láday Miklós</subfield>
   <subfield code="e">aut</subfield>
  </datafield>
  <datafield tag="700" ind1="0" ind2="1">
   <subfield code="a">Körmöczi Péter</subfield>
   <subfield code="e">aut</subfield>
  </datafield>
  <datafield tag="700" ind1="0" ind2="1">
   <subfield code="a">Manczinger László</subfield>
   <subfield code="e">aut</subfield>
  </datafield>
  <datafield tag="700" ind1="0" ind2="1">
   <subfield code="a">Rákhely Gábor</subfield>
   <subfield code="e">aut</subfield>
  </datafield>
  <datafield tag="700" ind1="0" ind2="1">
   <subfield code="a">Vágvölgyi Csaba</subfield>
   <subfield code="e">aut</subfield>
  </datafield>
  <datafield tag="700" ind1="0" ind2="1">
   <subfield code="a">Szekeres András</subfield>
   <subfield code="e">aut</subfield>
  </datafield>
  <datafield tag="710" ind1=" " ind2=" ">
   <subfield code="a">Traditions, innovation, sustainability (2011) (Hódmezővásárhely)</subfield>
  </datafield>
  <datafield tag="856" ind1="4" ind2="0">
   <subfield code="u">http://acta.bibl.u-szeged.hu/76144/1/agrarszemle_2011_001_suppl_413-418.pdf</subfield>
   <subfield code="z">Dokumentum-elérés </subfield>
  </datafield>
 </record>
</collection>
